Obálka
Pro půjčování e-knih musíte být přihlášeni.
Jak si půjčit online?

Sesterstvo a kouzelná kočka Fabiola /

Příběh tří kamarádek, Ely, Báry a Míši, kterým se společně s kouzelnou kočkou Fabiolou podaří vyřešit dávnou záhadu z minulosti.

Uloženo v:
Série:Sesterstvo: Bára, Míša, Ela, část 1
Hlavní autor: Hlavinková, Lucie, 1974- (Autor)
Další autoři: Vondráčková, Lucie, 1980- (Autor), Žáček, Jan, 1963- (Vypravěč-komentátor)
Médium: E-audiokniha
Jazyk:Czech
Vydáno: Praha : Albatros, 2024
Témata:
Příbuzné jednotky:Z cyklu:: Sesterstvo: Bára, Míša, Ela
Tagy:
Žádné tagy
LEADER 03167nim a2200673 i 4500
001 313198
003 CZ PrSKC
005 20260601215737.0
007 sd fungnnmmned
008 241028s2024 xr nnnng f n cze
015 |a cnb003639663 
020 |a 9788000075310 :  |c Kč 299,00 
040 |a ABA001  |b cze  |e rda 
072 7 |a 821.162.3-3  |x Česká próza  |2 Konspekt 
072 7 |a 821-93  |x Literatura pro děti a mládež (beletrie)  |2 Konspekt 
080 |a 821.162.3-32  |2 MRF 
080 |a (0:82-32)  |2 MRF 
080 |a (086.7.053.2)  |2 MRF 
080 |a (086.7)08  |2 MRF 
080 |a (086.76)  |2 MRF 
100 1 |a Hlavinková, Lucie,  |d 1974-  |7 xx0212699  |4 aut 
245 1 0 |a Sesterstvo a kouzelná kočka Fabiola /  |c Lucie Hlavinková 
264 1 |a Praha :  |b Albatros,  |c 2024 
300 |a 1 audiodisk (1 hod., 58 min.) ;  |c 12 cm 
306 |a 015800 
336 |a mluvené slovo  |b spw  |2 rdacontent 
337 |a audio  |b s  |2 rdamedia 
338 |a audiodisk  |b sd  |2 rdacarrier 
344 |a digital  |b optical  |2 rda 
347 |a audio soubor  |b MP3  |2 rda 
500 |a Název z disku 
500 |a Podle stejnojmenné knihy vydané nakladatelstvím Albatros v roce 2022 
500 |a Nezkrácená audiokniha ve formátu MP3 
508 |a Režie, Jan Žáček 
511 0 |a Čte Lucie Vondráčková 
520 2 |a Příběh tří kamarádek, Ely, Báry a Míši, kterým se společně s kouzelnou kočkou Fabiolou podaří vyřešit dávnou záhadu z minulosti.  |b Spolužačky Báru, Míšu a Elu, která se do města zrovna přistěhovala, dá jednoho dne dohromady Fabiola, kočka jejich osamělé sousedky, paní Ládvíkové. A to z jednoho prostého důvodu: chce, aby jí holky pomohly vyřešit dávnou záhadu, která paní Ládvíkovou už dlouho trápí. Při společném pátrání se toho dozví hodně nejen o naší nedávné minulosti, ale hlavně o sobě samých. Zjistí, kolik se v nich skrývá důvtipu a odvahy... Nakladatelská anotace. 
655 7 |a české příběhy  |7 fd133973  |2 czenas 
655 7 |a zvukové záznamy pro děti a mládež  |7 fd186726  |2 czenas 
655 7 |a audioknihy  |7 fd119452  |2 czenas 
655 7 |a kompaktní disky  |7 fd201991  |2 czenas 
655 9 |a Czech stories  |2 eczenas 
655 9 |a juvenile sound recordings  |2 eczenas 
655 9 |a audiobooks  |2 eczenas 
655 9 |a compact discs  |2 eczenas 
700 1 |a Vondráčková, Lucie,  |d 1980-  |7 jn20000703386  |4 nrt 
700 1 |a Žáček, Jan,  |d 1963-  |7 xx0001354  |4 drt 
787 0 8 |i Z cyklu:  |t Sesterstvo: Bára, Míša, Ela  |g 1 
900 |a ABA001  |b 19 
044 |a xr 
505 0 0 |t 04 (17 min., 26 sek.) 
505 0 0 |t 01 (13 min., 58 sek.) 
505 0 0 |t 02 (17 min., 20 sek.) 
505 0 0 |t 03 (14 min., 59 sek.) 
505 0 0 |t 05 (22 min., 19 sek.) 
505 0 0 |t 06 (22 min., 12 sek.) 
505 0 0 |t 07 (9 min., 24 sek.) 
910 |a RBIT002 
998 |d 393704  |a https://core.palmknihy.cz/api/books/393704/cover?shcg5f  |b https://core.palmknihy.cz/api/books/393704/cover/400?shcg5f  |c https://core.palmknihy.cz/api/books/393704/cover/50?shcg5f  |e 2029-12-31  |i 9788000075310  |l 7080  |q 49  |r 1  |s https://www.palmknihy.cz/kniha/393704  |t audiobook  |y 2023  |z 0 
999 |d 313196